[Event "Eastern Idaho Open"]
[Site "Chess.com"]
[Date "2020.09.26"]
[Round "1"]
[White "WaSabi5829"]
[Black "BatmanNelson"]
[Result "1-0"]
[WhiteElo "1658"]
[BlackElo "1340"]

1. c4 } 1... e5 } 2. Nc3 } 2... Nf6 } 3. e4 } 3... Nc6 } 4. d3 } 4... Bb4 } 5.
Ne2 } 5... O-O } 6. a3 } 6... Ba5 } 7. b4 } 7... d6 } 8. bxa5 } 8... Bg4 } 9.
f3 } 9... Bd7 } 10. g3 } 10... Nxa5 } 11. Bg2 } 11... c5 } 12. a4 } 12... Nc6
} 13. O-O } 13... h6 } 14. f4 } 14... exf4 } 15. gxf4 } 15... Bg4 } 16. h3 }
16... Bh5 } 17. Qd2 } 17... a5 } 18. Ng3 } 18... Nd4 } 19. Rb1 } 19... b6 }
20. Nce2 } 20... Nxe2+ } 21. Nxe2 } 21... Nd7 } 22. Ng3 } 22... Qh4 } 23. Nxh5
} 23... Qxh5 } 24. Bb2 } 24... Qg6 } 25. Qe2 } 25... Rfe8 } 26. f5 } 26... Qg5
} 27. Rbd1 } 27... Rad8 } 28. Rfe1 } 28... Ne5 } 29. Bxe5 } 29... dxe5 } 30.
Qg4 } 30... Qe7 } 31. Re3 } 31... Qd7 } 32. Rg3 } 32... g5 } 33. fxg6 } 33...
Qxg4 } 34. gxf7+ } 34... Kxf7 } 35. Rxg4 } 35... Ke6 } 36. Rg6+ } 36... Kd7 }
37. Rxh6 } 37... Rg8 } 38. Rh5 } 38... Rde8 } 39. Kh2 } 39... Rg7 } 40. Rf1 }
40... Reg8 } 41. Rf2 } 41... Kd6 } 42. Rh6+ } 42... Kc7 } 43. Re6 } 43... Rg3
} 44. Rd2 } 44... R8g5 } 45. h4 } 45... Rg7 } 46. Rxe5 } 46... R3g4 } 47. Rh5
} 47... Kc6 } 48. Rh6+ } 48... Kb7 } 49. e5+ } 49... Kc7 } 50. Bh3 } 50... Rg1
} 51. e6 } 51... Re1 } 52. Rg2 } 52... Re7 } 53. Rhg6 } 53... Kd6 } 54. Rg1 }
54... Re2+ } 55. R6g2 } 55... Re3 } 56. Rd1 } 56... Rh7 } 57. Rg4 } 57... Re2+
} 58. Kg3 } 58... Re3+ } 59. Kh2 } 59... Re2+ } 60. Kg1 } 60... Re3 } 61. Kg2
} 61... Re2+ } 62. Kf3 } 62... Rh2 } 63. Kg3 } 63... Re2 } 64. Rf1 } 64...
Re3+ } 65. Rf3 } 65... Rxe6 } 66. Re4 } 66... Rg6+ } 67. Rg4 } 67... Re6 } 68.
Bg2 } 68... Re1 } 69. Rf6+ } 69... Kc7 } 70. Rc6+ } 70... Kb7 } 71. Re6+ }
71... Ka6 } 72. Rxe1 } 72... Rd7 } 73. Rd1 } 73... Re7 } 74. h5 } 74... Re3+ }
75. Kh4 } 75... Re2 } 76. Bf1 } 76... Re5 } 77. h6 } 77... Re7 } 78. Rg7 }
78... Re8 } 79. h7 } 79... Rh8 } 80. Kg5 } 80... b5 } 81. cxb5+ } 81... Kb6 }
82. Re1 } 82... c4 } 83. Re6+ } 83... Kc5 } 84. dxc4 } 84... Kb4 } 85. Rh6 }
85... Kc5 } 86. Rg8 } 86... Rxh7 } 87. Rxh7 } 87... Kd4 } 88. Rd7+ } 88... Kc5
} 89. Rc8+ } 89... Kb4 } 90. c5 } 90... Kc3 } 91. c6 } 91... Kb4 } 92. Rd4+ }
92... Kc3 } 93. c7 } 93... Kb3 } 94. Rcd8 } 94... Ka3 } 95. c8=Q } 95... Ka2 }
96. Qc2+ } 96... Ka3 } 97. Rd3+ } 97... Kb4 } 98. R8d4# } 1-0

[Event "Eastern Idaho Open"]
[Site "Chess.com"]
[Date "2020.09.26"]
[Round "1"]
[White "bigdonkeyhead"]
[Black "Ok_At_Chess"]
[Result "1/2-1/2"]
[WhiteElo "1374"]
[BlackElo "1659"]

1. e4 } 1... c5 } 2. Nf3 } 2... d6 } 3. d4 } 3... cxd4 } 4. Bc4 } 4... Nf6 }
5. Nxd4 } 5... Nxe4 } 6. O-O } 6... e6 } 7. Qf3 } 7... d5 } 8. Bd3 } 8... Nf6
} 9. Bg5 } 9... Be7 } 10. Nd2 } 10... e5 } 11. Bb5+ } 11... Bd7 } 12. Bxd7+ }
12... Nbxd7 } 13. Nf5 } 13... e4 } 14. Qf4 } 14... O-O } 15. Bh6 } 15... Ne8 }
16. Qg3 } 16... Bf6 } 17. c3 } 17... Be5 } 18. Qg4 } 18... Kh8 } 19. Bg5 }
19... Qc7 } 20. f4 } 20... Bd6 } 21. Rad1 } 21... Bc5+ } 22. Kh1 } 22... f6 }
23. Bh4 } 23... Rf7 } 24. b4 } 24... Bf8 } 25. Nb3 } 25... g6 } 26. Nfd4 }
26... Qxc3 } 27. Ne6 } 27... Qxb4 } 28. Nxf8 } 28... Qxf8 } 29. Rxd5 } 29...
f5 } 30. Qd1 } 30... Ndf6 } 31. Qd4 } 31... Kg8 } 32. Rd1 } 32... Nxd5 } 33.
Qxd5 } 33... Nc7 } 34. Qxb7 } 34... Ne6 } 35. Qb5 } 35... Nxf4 } 36. Qc4 }
36... Rc8 } 37. Qa6 } 37... Nd3 } 38. Bg3 } 38... Qd8 } 39. Rg1 } 39... f4 }
40. Bh4 } 40... g5 } 41. Be1 } 41... Rb8 } 42. h3 } 42... Rb6 } 43. Qc4 }
43... Qe8 } 44. Ba5 } 44... Rc6 } 45. Qd5 } 45... Rf6 } 46. Qxg5+ } 46... Rg6
} 47. Qd5 } 47... Nf2+ } 48. Kh2 } 48... Qb8 } 49. Bc3 } 49... f3+ } 50. g3 }
50... e3 } 51. Qd4 } 51... Rfg7 } 52. Qd5+ } 52... Rf7 } 53. Qd4 } 53... Rfg7
} 54. Qd5+ } 54... Rf7 } {#d} 1/2-1/2

[Event "Eastern Idaho Open"]
[Site "Chess.com"]
[Date "2020.09.26"]
[Round "1"]
[White "Reisig"]
[Black "datservice"]
[Result "1-0"]
[WhiteElo "1634"]
[BlackElo "1215"]

1. d4 } 1... d5 } 2. Bf4 } 2... Bf5 } 3. e3 } 3... Nf6 } 4. Nd2 } 4... e6 } 5.
c3 } 5... Bd6 } 6. Bg3 } 6... Bxg3 } 7. hxg3 } 7... c6 } 8. Qb3 } 8... Qc7 }
9. Ngf3 } 9... Nbd7 } 10. Be2 } 10... h6 } 11. Qd1 } 11... c5 } 12. dxc5 }
12... Nxc5 } 13. Nb3 } 13... Nce4 } 14. Nbd4 } 14... Bg6 } 15. Bd3 } 15... O-O
} 16. Qc2 } 16... Ng4 } 17. Rf1 } 17... a6 } 18. O-O-O } 18... b5 } 19. Nh4 }
19... Ngxf2 } 20. Rxf2 } 20... Nxf2 } 21. Qxf2 } 21... Bxd3 } 22. Rxd3 } 22...
Qc4 } 23. Qc2 } 23... Qxa2 } 24. Kd2 } 24... Rac8 } 25. Ke2 } 25... b4 } 26.
Nb3 } 26... Rc7 } 27. Nc1 } 27... Qc4 } 28. Nf3 } 28... Rfc8 } 29. Nd2 } 29...
Qg4+ } 30. Kf2 } 30... Qf5+ } 31. Nf3 } 31... bxc3 } 32. bxc3 } 32... e5 } 33.
Ne2 } 33... e4 } 34. Nd4 } 34... Qf6 } 35. Ke2 } 35... exd3+ } 36. Qxd3 }
36... Rxc3 } 37. Qf5 } 37... Qxf5 } 38. Nxf5 } 38... Rc2+ } 39. Kd3 } 39...
R8c3+ } 40. Kd4 } 40... Rc5 } 41. Ne7+ } 41... Kf8 } 42. Nxd5 } 42... R2c4+ }
43. Ke5 } 43... Rb4 } 44. e4 } 44... Rbb5 } 45. Kf4 } 45... Rb3 } 46. Kg4 }
46... g6 } 47. Ne5 } 47... Rxd5 } 48. exd5 } 48... Rb4+ } 49. Kh3 } 49... Rb5
} 50. Nd7+ } 50... Ke7 } 51. Ne5 } 51... Rxd5 } 52. Nf3 } {#r} 1-0

[Event "Eastern Idaho Open"]
[Site "Chess.com"]
[Date "2020.09.26"]
[Round "2"]
[White "BatmanNelson"]
[Black "iwillbeatyou2day"]
[Result "1-0"]
[WhiteElo "1350"]
[BlackElo "1122"]

1. e4 } 1... c5 } 2. d4 } 2... cxd4 } 3. Qxd4 } 3... Nc6 } 4. Qd1 } 4... Nf6 }
5. Nc3 } 5... g6 } 6. Bg5 } 6... Bg7 } 7. Nf3 } 7... O-O } 8. Qd2 } 8... d6 }
9. Bh6 } 9... Ne8 } 10. Bxg7 } 10... Nxg7 } 11. Bb5 } 11... Bd7 } 12. O-O }
12... a6 } 13. Bc4 } 13... Be6 } 14. Nd5 } 14... Bxd5 } 15. exd5 } 15... Ne5 }
16. Nxe5 } 16... dxe5 } 17. Rfe1 } 17... f6 } 18. h3 } 18... Rc8 } 19. Bb3 }
19... b5 } 20. c3 } 20... a5 } 21. Bc2 } 21... Rc5 } 22. Rad1 } 22... e6 } 23.
d6 } 23... Nf5 } 24. a3 } 24... Rc6 } 25. Bxf5 } 25... exf5 } 26. Qd5+ } 26...
Rf7 } 27. Qxc6 } {#r} 1-0

[Event "Eastern Idaho Open"]
[Site "Chess.com"]
[Date "2020.09.26"]
[Round "2"]
[White "HandsomeTroll"]
[Black "Lolo58185"]
[Result "1-0"]
[WhiteElo "1651"]
[BlackElo "794"]

1. d4 } 1... d5 } 2. Bf4 } 2... e6 } 3. e3 } 3... Nc6 } 4. Nf3 } 4... Bb4+ }
5. c3 } 5... Ba5 } 6. Nbd2 } 6... b6 } 7. Bb5 } 7... Bd7 } 8. Bxc6 } 8... Bxc6
} 9. b4 } 9... Bxb4 } 10. cxb4 } 10... a5 } 11. Ne5 } 11... Bb5 } 12. a4 }
12... Bxa4 } 13. Qxa4+ } {#r} 1-0

[Event "Eastern Idaho Open"]
[Site "Chess.com"]
[Date "2020.09.26"]
[Round "2"]
[White "little_pikachu_soya"]
[Black "WaSabi5829"]
[Result "1/2-1/2"]
[WhiteElo "1594"]
[BlackElo "1653"]

1. d4 } 1... Nf6 } 2. c4 } 2... g6 } 3. Nc3 } 3... Bg7 } 4. e4 } 4... d6 } 5.
Bf4 } 5... O-O } 6. Nf3 } 6... Nbd7 } 7. Bd3 } 7... Re8 } 8. Bg3 } 8... e5 }
9. d5 } 9... c6 } 10. O-O } 10... cxd5 } 11. Nxd5 } 11... Nxd5 } 12. cxd5 }
12... Nf6 } 13. h3 } 13... a6 } 14. Qd2 } 14... Nd7 } 15. Nh2 } 15... Nc5 }
16. Bc2 } 16... f5 } 17. f3 } 17... f4 } 18. Bf2 } 18... Nd7 } 19. Rac1 }
19... Nf6 } 20. Rfd1 } 20... g5 } 21. Ng4 } 21... Nxg4 } 22. hxg4 } 22... Bd7
} 23. Qb4 } 23... Bc8 } 24. Bb6 } 24... Qe7 } 25. Ba4 } 25... Rf8 } 26. Rc7 }
26... Qf6 } 27. Rdc1 } 27... h5 } 28. gxh5 } 28... g4 } 29. Qa3 } 29... Qh4 }
30. Bd7 } 30... Bxd7 } 31. Rxd7 } 31... Rac8 } 32. Rcc7 } 32... Qe1+ } 33. Kh2
} 33... Qh4+ } 34. Kg1 } 34... Qe1+ } 35. Kh2 } 35... Qh4+ } 36. Kg1 } {#d}
1/2-1/2

[Event "Eastern Idaho Open"]
[Site "Chess.com"]
[Date "2020.09.26"]
[Round "2"]
[White "NLchaos"]
[Black "KaKod0121"]
[Result "0-1"]
[WhiteElo "1603"]
[BlackElo "2082"]

1. d4 } 1... d5 } 2. Nf3 } 2... c6 } 3. e3 } 3... Nf6 } 4. c4 } 4... Bf5 } 5.
Nc3 } 5... e6 } 6. Nh4 } 6... Bg6 } 7. Nxg6 } 7... hxg6 } 8. h3 } 8... Bd6 }
9. Qb3 } 9... Qc8 } 10. Bd2 } 10... Nbd7 } 11. Rc1 } 11... Qb8 } 12. Be2 }
12... Nf8 } 13. Na4 } 13... g5 } 14. Bb4 } 14... Bc7 } 15. Bxf8 } 15... Kxf8 }
16. cxd5 } 16... exd5 } 17. Nc5 } 17... Bb6 } 18. Qa3 } 18... Ke8 } 19. Qd3 }
19... g4 } 20. Qf5 } 20... g3 } 21. f3 } 21... Qc7 } 22. Nd3 } 22... Qe7 } 23.
Qe5 } 23... Kd7 } 24. Qxe7+ } 24... Kxe7 } 25. O-O } 25... Kd6 } 26. Ne5 }
26... Ke6 } 27. f4 } 27... Ne4 } 28. f5+ } 28... Ke7 } 29. Rf3 } 29... c5 }
30. Rd1 } 30... cxd4 } 31. exd4 } 31... Rac8 } 32. Rb3 } 32... Rc7 } 33. Bg4 }
33... Nf2 } 34. Rxg3 } 34... Nxd1 } {#R} 0-1

[Event "Eastern Idaho Open"]
[Site "Chess.com"]
[Date "2020.09.26"]
[Round "2"]
[White "iballisticsquid123"]
[Black "Reisig"]
[Result "1-0"]
[WhiteElo "2122"]
[BlackElo "1632"]

1. e4 } 1... c5 } 2. Nf3 } 2... e6 } 3. Nc3 } 3... Nc6 } 4. d4 } 4... cxd4 }
5. Nxd4 } 5... a6 } 6. Be2 } 6... Qc7 } 7. O-O } 7... Nf6 } 8. Be3 } 8... Bb4
} 9. Nxc6 } 9... Qxc6 } 10. Bd4 } 10... Be7 } 11. Bf3 } 11... d5 } 12. Bxf6 }
12... Bxf6 } 13. exd5 } 13... Qd6 } 14. Ne4 } 14... Qf4 } 15. dxe6 } 15...
Bxe6 } 16. Nxf6+ } 16... Qxf6 } 17. Bxb7 } 17... Ra7 } 18. Bc6+ } 18... Ke7 }
19. c3 } 19... Rd8 } 20. Qh5 } 20... h6 } 21. Qc5+ } 21... Rd6 } 22. Qxa7+ }
22... Kf8 } 23. Qb8+ } 23... Rd8 } 24. Qb4+ } 24... Kg8 } 25. Rad1 } 25...
Rxd1 } 26. Rxd1 } 26... Qg6 } 27. Rd8+ } 27... Kh7 } 28. Be4 } 28... Bf5 } 29.
Qb8 } 29... Qg5 } 30. Bxf5+ } 30... Qxf5 } 31. Rh8+ } 31... Kg6 } 32. Qg3+ }
32... Kf6 } 33. Qf3 } 33... a5 } 34. Ra8 } 34... Kg5 } 35. h4+ } 35... Kg6 }
36. Ra6+ } 36... Qf6 } 37. Qe4+ } 37... Kh5 } 38. Rxf6 } 38... gxf6 } 39. Qf5+
} 39... Kxh4 } 40. g3# } 1-0

[Event "Eastern Idaho Open"]
[Site "Chess.com"]
[Date "2020.09.26"]
[Round "2"]
[White "TofuNightmare"]
[Black "caracleliem"]
[Result "0-1"]
[WhiteElo "916"]
[BlackElo "1241"]

1. d4 } 1... d5 } 2. c4 } 2... c6 } 3. Nf3 } 3... Nf6 } 4. Nc3 } 4... e6 } 5.
Bg5 } 5... h6 } 6. Bh4 } 6... Be7 } 7. e3 } 7... O-O } 8. Bd3 } 8... dxc4 } 9.
Bxc4 } 9... b5 } 10. Bd3 } 10... a6 } 11. O-O } 11... Bb7 } 12. Bxf6 } 12...
Bxf6 } 13. Ne4 } 13... Nd7 } 14. Nxf6+ } 14... Nxf6 } 15. Ne5 } 15... Qd5 }
16. Qc2 } 16... c5 } 17. f3 } 17... c4 } 18. Be2 } 18... Nd7 } 19. Nxd7 }
19... Qxd7 } 20. Rad1 } 20... Qe7 } 21. e4 } 21... Rfe8 } 22. b3 } 22... cxb3
} 23. Qxb3 } 23... Red8 } 24. Qc3 } 24... Rac8 } 25. Qe3 } 25... Rd7 } 26. Rc1
} 26... Rcd8 } 27. Rfd1 } 27... Qb4 } 28. Rc2 } 28... Rxd4 } 29. Rxd4 } 29...
Rxd4 } 30. Rc7 } 30... Qe1+ } 31. Bf1 } 31... Qxe3+ } 32. Kh1 } 32... Rd1 }
33. Rxb7 } 33... Rxf1# } 0-1

[Event "Eastern Idaho Open"]
[Site "Chess.com"]
[Date "2020.09.26"]
[Round "2"]
[White "Ok_At_Chess"]
[Black "fucsko4"]
[Result "1-0"]
[WhiteElo "1669"]
[BlackElo "1642"]

1. e4 } 1... Nc6 } 2. d4 } 2... d5 } 3. e5 } 3... Bf5 } 4. Nf3 } 4... h6 } 5.
Bd3 } 5... Qd7 } 6. O-O } 6... g5 } 7. Nc3 } 7... g4 } 8. Nh4 } 8... Be6 } 9.
Be3 } 9... Bg7 } 10. f4 } 10... gxf3 } 11. Qxf3 } 11... O-O-O } 12. Bf5 }
12... f6 } 13. Ng6 } 13... Bxf5 } 14. Qxf5 } 14... Qxf5 } 15. Rxf5 } 15... Rh7
} 16. e6 } 16... Rd6 } 17. Nf4 } 17... Nb4 } 18. Rc1 } 18... c6 } 19. a3 }
19... Na6 } 20. Nce2 } 20... Nc7 } 21. c4 } 21... dxc4 } 22. Rxc4 } 22... Nxe6
} 23. d5 } 23... Nxf4 } 24. Bxf4 } 24... e5 } 25. dxe6 } 25... Rxe6 } 26. Ng3
} 26... Ne7 } 27. Rh5 } 27... a6 } 28. Ne4 } 28... b5 } 29. Nc5 } 29... Re2 }
30. Kf1 } 30... Rxb2 } 31. Re4 } 31... Kd8 } 32. Bd6 } 32... Nd5 } 33. Re6 }
33... Rb1+ } 34. Ke2 } 34... Bf8 } 35. Rxd5 } 35... cxd5 } 36. Bxf8 } 36...
Rb2+ } 37. Kd3 } 37... Rxg2 } 38. Rxf6 } 38... Rxh2 } 39. Bd6 } 39... Rh3+ }
40. Kd4 } 40... Rh5 } 41. Rf8# } 1-0

[Event "Eastern Idaho Open"]
[Site "Chess.com"]
[Date "2020.09.26"]
[Round "2"]
[White "bigdonkeyhead"]
[Black "siegfried23"]
[Result "0-1"]
[WhiteElo "1365"]
[BlackElo "1514"]

1. e4 } 1... e5 } 2. Nf3 } 2... Nc6 } 3. d4 } 3... exd4 } 4. Bc4 } 4... Nf6 }
5. e5 } 5... d5 } 6. Bb5 } 6... Ne4 } 7. O-O } 7... Bc5 } 8. Nbd2 } 8... O-O }
9. Bxc6 } 9... bxc6 } 10. Nxe4 } 10... dxe4 } 11. Ng5 } 11... Bf5 } 12. Qh5 }
12... Bg6 } 13. Qh4 } 13... h6 } 14. Qg3 } 14... hxg5 } 15. Bxg5 } 15... Qd7 }
16. h4 } 16... Qe6 } 17. a3 } 17... Be7 } 18. Bf4 } 18... Rfd8 } 19. Rac1 }
19... Rab8 } 20. b4 } 20... c5 } 21. bxc5 } 21... Bxc5 } 22. a4 } 22... d3 }
23. cxd3 } 23... Rxd3 } 24. Qh2 } 24... Bb6 } 25. h5 } 25... Bh7 } 26. Qh4 }
26... c5 } 27. Rb1 } 27... Rb3 } 28. Rbd1 } 28... c4 } 29. Rd6 } 29... Qf5 }
30. Rc6 } 30... Bd8 } 31. Qh2 } 31... Rb1 } 32. Rxc4 } 32... Rxf1+ } 33. Kxf1
} 33... Rb1+ } 34. Bc1 } 34... e3 } 35. f4 } 35... Qd3+ } 36. Ke1 } 36... Ba5+
} 37. Rc3 } 37... Bxc3# } 0-1

[Event "Eastern Idaho Open"]
[Site "Chess.com"]
[Date "2020.09.26"]
[Round "2"]
[White "Jeffrey944"]
[Black "datservice"]
[Result "1-0"]
[WhiteElo "1428"]
[BlackElo "1178"]

1. d4 } 1... d5 } 2. c4 } 2... c6 } 3. Nc3 } 3... Bf5 } 4. cxd5 } 4... cxd5 }
5. Qb3 } 5... Qd7 } 6. Qxd5 } 6... Qxd5 } 7. Nxd5 } 7... Na6 } 8. e3 } 8...
Rc8 } 9. Bb5+ } 9... Bd7 } 10. Bxd7+ } 10... Kxd7 } 11. a3 } 11... Nf6 } 12.
Nc3 } 12... Nc7 } 13. Nf3 } 13... Ncd5 } 14. Bd2 } 14... e6 } 15. O-O } 15...
a6 } 16. Rac1 } 16... Bd6 } 17. Nxd5 } 17... Nxd5 } 18. Ng5 } 18... Ke7 } 19.
Ne4 } 19... b6 } 20. Nxd6 } 20... Kxd6 } 21. e4 } 21... Ne7 } 22. f4 } 22...
a5 } 23. Bc3 } 23... Rc6 } 24. Rcd1 } 24... Rhc8 } 25. d5 } 25... exd5 } 26.
Bxg7 } 26... Ke6 } 27. f5+ } 27... Kd6 } 28. f6 } 28... Ng6 } 29. Rxd5+ }
29... Ke6 } 30. Rfd1 } 30... Nf4 } 31. R5d2 } 31... Rc1 } 32. Bh6 } 32...
Rxd1+ } 33. Rxd1 } 33... Ng6 } 34. Be3 } 34... b5 } 35. Kf2 } 35... Rc2+ } 36.
Rd2 } 36... Rxd2+ } 37. Bxd2 } 37... a4 } 38. Bc3 } 38... Ne5 } 39. Ke3 }
39... Ng4+ } 40. Kd4 } 40... Kd6 } 41. Bb4+ } 41... Kc6 } 42. e5 } 42... Nxh2
} 43. e6 } 43... fxe6 } 44. f7 } 44... e5+ } 45. Ke4 } 45... Nf1 } 46. f8=Q }
46... Ng3+ } 47. Kxe5 } 47... Kd7 } 48. Qg7+ } 48... Kc6 } 49. Qxg3 } 49...
Kd7 } 50. Qg7+ } 50... Kc6 } 51. Qf6+ } 51... Kd7 } 52. Kd5 } 52... Ke8 } 53.
Ke6 } 53... h5 } 54. Qe7# } 1-0

[Event "Eastern Idaho Open"]
[Site "Chess.com"]
[Date "2020.09.26"]
[Round "3"]
[White "KaKod0121"]
[Black "Ok_At_Chess"]
[Result "1-0"]
[WhiteElo "2086"]
[BlackElo "1667"]

1. e4 } 1... c5 } 2. Nf3 } 2... d6 } 3. d4 } 3... cxd4 } 4. Nxd4 } 4... Nf6 }
5. Nc3 } 5... g6 } 6. f3 } 6... Bg7 } 7. Be3 } 7... O-O } 8. Qd2 } 8... Nc6 }
9. O-O-O } 9... Bd7 } 10. g4 } 10... Rc8 } 11. h4 } 11... h5 } 12. gxh5 }
12... Nxh5 } 13. Rg1 } 13... Ne5 } 14. f4 } 14... Ng4 } 15. f5 } 15... Nxe3 }
16. Qxe3 } 16... Qb6 } 17. fxg6 } 17... Bxd4 } 18. gxf7+ } 18... Kxf7 } 19.
Qxd4 } 19... Qxd4 } 20. Rxd4 } 20... Rg8 } 21. Rxg8 } 21... Rxg8 } 22. Be2 }
22... Nf4 } 23. e5 } 23... Nxe2+ } 24. Nxe2 } 24... Ke6 } 25. exd6 } 25...
exd6 } 26. Kd2 } 26... Rg2 } 27. Ke3 } 27... Bc6 } 28. Nf4+ } 28... Ke5 } 29.
Nxg2 } 29... Bxg2 } 30. h5 } {#r} 1-0

[Event "Eastern Idaho Open"]
[Site "Chess.com"]
[Date "2020.09.26"]
[Round "3"]
[White "iwillbeatyou2day"]
[Black "honeybeee91"]
[Result "0-1"]
[WhiteElo "1105"]
[BlackElo "1223"]

1. e4 } 1... e5 } 2. Nf3 } 2... Nc6 } 3. Nc3 } 3... Nf6 } 4. d4 } 4... exd4 }
5. Nxd4 } 5... Bb4 } 6. Qd2 } 6... Nxe4 } 7. Qd3 } 7... Bxc3+ } 8. bxc3 } 8...
Nxd4 } 9. Qxe4+ } 9... Ne6 } 10. Bc4 } 10... c6 } 11. O-O } 11... d5 } 12. Qe2
} 12... dxc4 } 13. Qxc4 } 13... O-O } 14. Ba3 } 14... Re8 } 15. Rfd1 } 15...
Qa5 } 16. Bb4 } 16... Qb5 } 17. Qb3 } 17... c5 } 18. Ba3 } 18... Qxb3 } 19.
cxb3 } 19... b6 } 20. Bb2 } 20... Bb7 } 21. Re1 } 21... Rad8 } 22. Bc1 } 22...
Nf8 } 23. Bg5 } 23... f6 } 24. Bf4 } 24... Rxe1+ } 25. Rxe1 } 25... Ng6 } 26.
Bc7 } 26... Rd7 } 27. Bg3 } 27... Kf7 } 28. Kf1 } 28... Rd3 } 29. c4 } 29...
Rd2 } 30. Ra1 } 30... Be4 } 31. Ke1 } 31... Rc2 } 32. f3 } 32... Bf5 } 33. Kd1
} 33... Rxg2 } 34. h4 } 34... Rg1+ } 35. Kd2 } 35... Rxa1 } {#R} 0-1

[Event "Eastern Idaho Open"]
[Site "Chess.com"]
[Date "2020.09.26"]
[Round "3"]
[White "HandsomeTroll"]
[Black "iballisticsquid123"]
[Result "0-1"]
[WhiteElo "1647"]
[BlackElo "2123"]

1. d4 } 1... Nf6 } 2. Bf4 } 2... e6 } 3. e3 } 3... c5 } 4. c3 } 4... cxd4 } 5.
exd4 } 5... d6 } 6. Nf3 } 6... Nbd7 } 7. Bd3 } 7... b6 } 8. Qe2 } 8... Bb7 }
9. Nbd2 } 9... Be7 } 10. O-O } 10... O-O } 11. h3 } 11... Re8 } 12. Rfe1 }
12... Bf8 } 13. Nc4 } 13... Qc7 } 14. Na3 } 14... e5 } 15. dxe5 } 15... dxe5 }
16. Nb5 } 16... Qc6 } 17. Bg3 } 17... e4 } 18. Nfd4 } 18... exd3 } 19. Qxe8 }
19... Qxg2# } 0-1

[Event "Eastern Idaho Open"]
[Site "Chess.com"]
[Date "2020.09.26"]
[Round "3"]
[White "caracleliem"]
[Black "Jeffrey944"]
[Result "0-1"]
[WhiteElo "1237"]
[BlackElo "1441"]

1. e4 } 1... e6 } 2. Nf3 } 2... d5 } 3. exd5 } 3... exd5 } 4. d4 } 4... Nf6 }
5. Nc3 } 5... Be7 } 6. Bf4 } 6... O-O } 7. Bd3 } 7... Re8 } 8. O-O } 8... Bg4
} 9. h3 } 9... Bh5 } 10. Re1 } 10... a6 } 11. Be2 } 11... Nbd7 } 12. Ne5 }
12... Bxe2 } 13. Rxe2 } 13... Bd6 } 14. Nxd7 } 14... Qxd7 } 15. Bxd6 } 15...
Qxd6 } 16. Rxe8+ } 16... Rxe8 } 17. Qf3 } 17... c6 } 18. Na4 } 18... Qb4 } 19.
Qb3 } 19... Qxd4 } 20. c3 } 20... Qf4 } 21. Qxb7 } 21... Qxa4 } {#R} 0-1

[Event "Eastern Idaho Open"]
[Site "Chess.com"]
[Date "2020.09.26"]
[Round "3"]
[White "fucsko4"]
[Black "bigdonkeyhead"]
[Result "1-0"]
[WhiteElo "1645"]
[BlackElo "1360"]

1. Nf3 } 1... c6 } 2. c4 } 2... d5 } 3. d4 } 3... Nf6 } 4. Nc3 } 4... Bf5 } 5.
Nh4 } 5... Bd7 } 6. cxd5 } 6... cxd5 } 7. e3 } 7... e6 } 8. Bd3 } 8... Bb4 }
9. O-O } 9... Bxc3 } 10. bxc3 } 10... Ne4 } 11. Bxe4 } 11... Qxh4 } 12. Bf3 }
12... Nc6 } 13. g3 } 13... Qf6 } 14. e4 } 14... Rc8 } 15. exd5 } 15... exd5 }
16. Bxd5 } 16... O-O } 17. Re1 } 17... Ne7 } 18. Bxb7 } 18... Rxc3 } 19. Bb2 }
19... Rc7 } 20. Bg2 } 20... Rb8 } 21. Qd2 } 21... Qd6 } 22. d5 } 22... Rbc8 }
23. Be5 } 23... Rc2 } 24. Qxc2 } 24... Rxc2 } 25. Bxd6 } 25... Ng6 } 26. Rac1
} 26... Rxa2 } 27. Rc8+ } 27... Bxc8 } 28. Re8+ } 28... Nf8 } 29. Rxf8# } 1-0

[Event "Eastern Idaho Open"]
[Site "Chess.com"]
[Date "2020.09.26"]
[Round "3"]
[White "WaSabi5829"]
[Black "Reisig"]
[Result "1-0"]
[WhiteElo "1678"]
[BlackElo "1615"]

1. c4 } 1... c5 } 2. Nc3 } 2... g6 } 3. e4 } 3... Bg7 } 4. d3 } 4... Nc6 } 5.
Nge2 } 5... Nf6 } 6. g3 } 6... d6 } 7. Bg2 } 7... O-O } 8. O-O } 8... Re8 } 9.
f4 } 9... b6 } 10. e5 } 10... Bb7 } 11. exf6 } 11... Bxf6 } 12. Nd5 } 12...
Bg7 } 13. h3 } 13... e6 } 14. Ndc3 } 14... Qd7 } 15. g4 } 15... Nd4 } 16. Bxb7
} 16... Qxb7 } 17. Be3 } 17... Nf3+ } 18. Kf2 } 18... e5 } 19. f5 } 19... gxf5
} 20. gxf5 } 20... Bf6 } 21. Ng3 } 21... Ng5 } 22. Bxg5 } 22... Bxg5 } 23. Qg4
} 23... f6 } 24. h4 } 24... Kf7 } 25. hxg5 } 25... Rg8 } 26. Qh5+ } 26... Kf8
} 27. Nge4 } 27... Rxg5 } 28. Nxg5 } 28... fxg5 } 29. Qxg5 } 29... Qf7 } 30.
Nd5 } 30... Ke8 } 31. Nc7+ } 31... Qxc7 } 32. Qg8+ } 32... Ke7 } 33. Qxa8 }
33... Kf6 } 34. Qf8+ } 34... Kg5 } 35. Rg1+ } {#r} 1-0